| 000 | 00355nam a22001577a 4500 | ||
|---|---|---|---|
| 003 | SGT | ||
| 020 | _a978-93-8055-26-4 | ||
| 082 |
_a612.015 _bB12K |
||
| 100 | _aKAUR, GURPREET | ||
| 245 | _aBIOCHEMISTRY FOR B. SC NURSING STUDENTS | ||
| 250 | _a1ST | ||
| 260 |
_aINDIA _bLOTUS PUB _c2012 |
||
| 300 | _a273 | ||
| 650 | _aBIOCHEMISTRY | ||
| 942 |
_2ddc _cBK |
||
| 999 |
_c20130 _d20130 |
||